Culture Générale - Clic Quiz - La réponse est en emoji par IA #2 - Statistiques

Statistiques générales
  • Ce quiz a été pris 736 fois
  • Le résultat moyen est 25 sur 40
Statistiques - réponses
Hint Réponse % Correct
Ed Sheeran
93%
Gims
93%
Johnny Hallyday
92%
Martin Luther King
91%
Diego Maradona
88%
Karl Lagerfeld
87%
Joseph Staline
87%
Mark Zuckerberg
85%
Stephen Hawking
82%
Boris Johnson
81%
David Bowie
80%
Thomas Edison
78%
Steve Jobs
77%
Michael Schumacher
77%
Voltaire
76%
Bill Gates
74%
Michel Sardou
73%
Ayrton Senna
63%
Grigori Raspoutine
63%
Prince
62%
Lionel Richie
61%
Johan Cruyff
58%
Jean Paul Gaultier
58%
Johnny Sins
51%
Pete Sampras
50%
Yves Saint Laurent
49%
Guy de Maupassant
49%
Lula
45%
Mads Mikkelsen
45%
Christopher Walken
43%
Boris Eltsine
43%
Charles Baudelaire
42%
Jonah Hill
39%
Jorge Mario Bergoglio
36%
Dan Carter
34%
William Wallace
32%
Karol Józef Wojtyła
31%
Laurence Fishburne
30%
Peter Falk
30%
Pierre Soulages
29%
Aucun quiz correspondant
Distribution des résultats
% des personnes avec chaque résultat
Percentile par nombre de réponses
Votre historique - résultats
Vous n’avez pas pris ce quiz